| 000 | 01278nam0a2200349 4500 | ||
|---|---|---|---|
| 001 | RU\NLR\BIBL_A\016349119 | ||
| 005 | 20250408145606.0 | ||
| 010 |
_a978-5-17-151574-4 _92000 |
||
| 021 |
_aRU _bКН-П-23-018764 _9КН-П-23-1871 |
||
| 035 | _a(NLR Aleph) 016349119 | ||
| 035 | _a(RuMoRGB)011672129 | ||
| 090 |
_a13115069 _c13115069 |
||
| 100 | _a20230419d2023 u y0rusy50 ca | ||
| 101 | 0 | _arus | |
| 102 | _aRU | ||
| 105 | _aacb z 000zy | ||
| 181 | 0 |
_ai3 _baxxe |
|
| 182 | 1 | _an | |
| 200 | 1 |
_aИзраиль. Полная история страны _e[от древности до наших дней] _fГершель Лехман |
|
| 203 |
_aТекст _bвизуальный _cнепосредственный |
||
| 210 |
_aМосква _cАСТ _d2023 |
||
| 215 |
_a332 с. _cил., портр., карты _d22 |
||
| 225 | 1 | _aСерия "История на пальцах" | |
| 300 | _aНа обл. авт. не указан | ||
| 333 | _a16+ | ||
| 607 |
_aИзраиль _xИстория _9911313 _3RU\NLR\AUTH\6613145 |
||
| 686 | 1 | _aТ3(5И)0,02 | |
| 700 | 1 |
_7ca _8rus _aЛехман _bГ. _gГершель _92651095 _3RU\NLR\AUTH\770279128 |
|
| 942 | _cBOOK | ||
| 980 | _aNB | ||